000 00255nam a22001217a 4500
008 180117b xxu||||| |||| 00| 0 eng d
041 _aeng
080 _a82
100 _a21
101 _aGJL
245 _aTHE NIBELUNGENLIED
_cARMOUR,M
942 _2udc
_cBK
999 _c40434
_d40434